00367nam a2200133 a 4500008004100000020001500041050001600056100002200072245002100094246005000115260004200165300001700207350000900224120416s0000 ||||||||||||||||| || u a0715387650 aTH 4815 Sne aSneigar, Nicholas14aThe self-builder ahow to build your own home and halve the cost aNewton AbbotbDavid and Charlesc1987 a160p. : ill. a0.00